header

A Victorian woman's place (Record no. 221227)

MARC details
000 -LEADER
fixed length control field 01644nam a2200349Ia 4500
082 04 - DEWEY DECIMAL CLASSIFICATION NUMBER
Classification number 305.42094109034
100 1# - MAIN ENTRY--AUTHOR NAME
Personal name Morgan, Simon,
245 12 - TITLE STATEMENT
Title A Victorian woman's place
260 ## - PUBLICATION, DISTRIBUTION, ETC. (IMPRINT)
Place of publication London ;
-- New York :
Name of publisher Tauris Academic Studies ;
Place of publication New York :
Name of publisher Distributed in the United States by Palgrave Macmillan,
Year of publication 2007.
300 ## - PHYSICAL DESCRIPTION
Number of Pages x, 270 p. :
Other physical details ill.
490 1# - SERIES STATEMENT
Series statement International library of historical studies ;
650 #0 - SUBJECT ADDED ENTRY--TOPICAL TERM
Topical Term Voluntarism
Topical Term Women volunteers in social service
Topical Term Women
Topical Term Middle class women
856 40 - ELECTRONIC LOCATION AND ACCESS
Uniform Resource Identifier http://site.ebrary.com/lib/rucke/Doc?id=10194046

No items available.

© 2026 Rongo University
Contact us: librarian | system librarian | Rongo university